| 000 | 00469nam a2200157Ia 4500 | ||
|---|---|---|---|
| 008 | 140609s9999 xx 000 0 und d | ||
| 020 | _a9781422129746 | ||
| 050 |
_aHD 66 _b.M354 2010 |
||
| 245 |
_aManaging teams : _bexpert solutions to everyday challenges. |
||
| 260 |
_aBoston, Mass. : _bHarvard Business Review Press, _cc2010. |
||
| 300 |
_a91 p. : _bill. ; _c18 cm. |
||
| 440 | _a(Pocket mentor series). | ||
| 521 | _aBSBA | ||
| 942 |
_kFOR _cBK |
||
| 999 |
_c118174 _d118174 |
||